Political Strategies in Pre-Columbian Mesoamerica (Record no. 353150)
[ view plain ]
| 000 -LEADER | |
|---|---|
| fixed length control field | 00647nam a2200121Ia 4500 |
| 008 - FIXED-LENGTH DATA ELEMENTS--GENERAL INFORMATION | |
| fixed length control field | 171212s9999 xx 000 0 und d |
| 020 ## - INTERNATIONAL STANDARD BOOK NUMBER | |
| International Standard Book Number | 9781607324157 |
| 245 ## - TITLE STATEMENT | |
| Statement of responsibility, etc | editor Kurnick, Sarah;Baron, Joanne |
| Title | Political Strategies in Pre-Columbian Mesoamerica |
| 260 ## - PUBLICATION, DISTRIBUTION, ETC. (IMPRINT) | |
| Name of publisher, distributor, etc | University Press of Colorado |
| Date of publication, distribution, etc | 2016 |
| 650 ## - SUBJECT ADDED ENTRY--TOPICAL TERM | |
| Topical term or geographic name as entry element | Archaeology |
| 650 ## - SUBJECT ADDED ENTRY--TOPICAL TERM | |
| Topical term or geographic name as entry element | Indians of Mexico -- Antiquities; Indians of Central America -- Antiquities; Indians of Mexico -- Politics and government; Indians of Central America -- Politics and government; Authority -- Political aspects -- Mexico -- History -- To 1500; Authority -- |
| 856 ## - ELECTRONIC LOCATION AND ACCESS | |
| Uniform Resource Identifier | <a href="http://jstor.org/stable/j.ctt1b7x60z">http://jstor.org/stable/j.ctt1b7x60z</a> |
| Withdrawn status | Lost status | Damaged status | Home library | Current library | Date acquired | Total Checkouts | Full call number | Date last seen | Price effective from | Koha item type |
|---|---|---|---|---|---|---|---|---|---|---|
| College Library | College Library | 12/12/2017 | F1219.3.P7P66 2015 | 12/12/2017 | 12/12/2017 | Curriculum - Based eBooks |